Kezdő bestiák

Bibliographic Details
Main Author: Forgács, Miklós, 1973- (Author)
Other Authors: Eszes, Ati (Illustrator)
Format: Book
Language:Hungarian
PhysicalDescription:131 strán ilustrácie 20 cm
Published: Dunaszerdahely Kalligram Poltári Társulás 2023
ISBN:9788082670106
Edition:Első kiadás
Series:Bázis-könyvek
Subjects:

MARC

LEADER 00000cam a2200000 4500
001 vtls012241499
003 SK-MaSNL
005 20260301184134.0
008 231012s2023 xo a g 000 p hun
015 |a SNBA2023/11 
020 |a 9788082670106  |q (viazané) 
040 |a SNK  |b slo  |c SNK  |e rda 
041 0 |a hun 
044 |a xo  |c SK 
072 7 |a 821.511.1  |x Ugrofínske literatúry  |2 konspekt 
080 |a 821.511.141-1  |2 2011 
100 1 |a Forgács, Miklós,  |d 1973-  |4 aut  |9 118484 
245 1 0 |a Kezdő bestiák  |c Forgács Miklós ; Eszes Ati rajzaival 
250 |a Első kiadás 
264 1 |a Dunaszerdahely  |b Kalligram Poltári Társulás  |c 2023 
300 |a 131 strán  |b ilustrácie  |c 20 cm 
336 |a text  |b txt  |2 rdacontent 
336 |a statický obraz  |b sti  |2 rdacontent 
337 |a bez média  |b n  |2 rdamedia 
338 |a zväzok  |b nc  |2 rdacarrier 
490 1 |a Bázis-könyvek  |v 22. 
655 7 |a maďarská poézia  |2 SNKPH  |9 70602 
655 7 |a Hungarian poetry  |2 SNKPHeng  |9 279235 
700 1 |a Eszes, Ati  |4 ill  |9 560313 
710 2 |a Kalligram (Bratislava, Slovensko)  |4 pbl  |9 35864 
830 0 |a Bázis-könyvek  |9 343845 
852 |a Slovenská národná knižnica 
919 |a 978-80-8267-010-6 
954 |a beletria cudzojazyčná (svetová)  |2 lita 
958 |a LX 
958 |a HU 
999 |c 859549  |d 861479 
952 |a SNK  |b SNK  |y PREZ  |7 0  |p 17A1535334  |o snkSD 91915  |i snk2023/14762  |8 0  |0 0  |1 0  |4 0  |d 2023-10-12  |f 1  |l 0  |r 2026-02-24 05:07:52  |w 2026-02-24 
952 |a SNK  |b SNK  |y VYP  |7 0  |p 17A1535335  |o snkSD 91915 D1  |i snk2023/14763  |8 0  |0 0  |1 0  |4 0  |d 2023-10-12  |l 0  |r 2026-02-24 05:07:52  |w 2026-02-24